000 00578nam a2200205Ia 4500
005 20250326145006.0
008 250326s9999 xx 000 0 und d
020 _a0-03-021113-1
037 _aTextbook
040 _aFMSL
_beng
_cFMSL
041 _aeng
_2eng
084 _aX3:51 P0
_qFMSL
100 _aShimp T A
_9742514
245 0 _aAdvertising promotion:supplemental aspects of intergrated marketing communications
_cShimp T A
250 _a5
260 _aNY
_bNY, Dryden
_c2000
300 _a674p
942 _cTB
_hX3:51 P0
999 _c1305945
_d1305945